| 000 | 01342nam a2200361Ia 4500 | ||
|---|---|---|---|
| 001 | ebr10560537 | ||
| 003 | CaPaEBR | ||
| 006 | m u | ||
| 007 | cr cn||||||||| | ||
| 008 | 120112s2012 njua sb 001 0 eng d | ||
| 010 | _z 2011051086 | ||
| 020 | _z1118127560 | ||
| 020 | _z9781118127568 | ||
| 020 | _z9781118130681 | ||
| 040 |
_aCaPaEBR _cCaPaEBR |
||
| 035 | _a(OCoLC)773534870 | ||
| 050 | 1 | 4 |
_aTJ254.5 _b.K847 2012eb |
| 082 | 0 | 4 |
_a621.402/3 _223 |
| 100 | 1 | _aKuo, Kenneth K. | |
| 245 | 1 | 0 |
_aApplications of turbulent and multiphase combustion _h[electronic resource] / _cKenneth K. Kuo, Ragini Acharya. |
| 260 |
_aHoboken, N.J. : _bWiley, _cc2012. |
||
| 300 |
_axxii, 576 p. : _bill. |
||
| 504 | _aIncludes bibliographical references and index. | ||
| 533 |
_aElectronic reproduction. _bPalo Alto, Calif. : _cebrary, _d2011. _nAvailable via World Wide Web. _nAccess may be limited to ebrary affiliated libraries. |
||
| 650 | 0 | _aCombustion engineering. | |
| 650 | 0 | _aTurbulence. | |
| 650 | 0 |
_aMultiphase flow _xMathematical models. |
|
| 650 | 0 |
_aCombustion _xMathematical models. |
|
| 655 | 7 |
_aElectronic books. _2local |
|
| 700 | 1 | _aAcharya, Ragini. | |
| 710 | 2 | _aebrary, Inc. | |
| 856 | 4 | 0 |
_uhttp://site.ebrary.com/lib/rucke/Doc?id=10560537 _zAn electronic book accessible through the World Wide Web; click to view |
| 999 |
_c96234 _d96234 |
||